|
|
|
|
| LEADER |
00000nam0a2200000 4500 |
| 001 |
64575 |
| 005 |
20231031065725.0 |
| 010 |
|
|
|a 5829103613
|
| 035 |
|
|
|a (RuTPU)RU\TPU\book\68525
|
| 090 |
|
|
|a 64575
|
| 100 |
|
|
|a 20040603d2003 m y0rusy50 ca
|
| 101 |
0 |
|
|a rus
|
| 102 |
|
|
|a RU
|
| 105 |
|
|
|a y j 000zy
|
| 200 |
1 |
|
|a Экологический менеджмент
|e учебное пособие для вузов
|f Т. А. Трифонова, Н. В. Селиванова, М. Е. Ильина
|
| 210 |
|
|
|a Москва
|c Академический проект
|d 2003
|
| 215 |
|
|
|a 319 с.
|
| 225 |
1 |
|
|a Учебное пособие для высшей школы
|
| 225 |
1 |
|
|a Gaudeamus
|
| 610 |
1 |
|
|a экология
|
| 610 |
1 |
|
|a управление
|
| 610 |
1 |
|
|a менеджмент
|
| 610 |
1 |
|
|a экологический мененджмент
|
| 610 |
1 |
|
|a экологический аудит
|
| 610 |
1 |
|
|a отходы
|
| 610 |
1 |
|
|a экологическое страхование
|
| 610 |
1 |
|
|a землепользование
|
| 610 |
1 |
|
|a земельный кадастр
|
| 610 |
1 |
|
|a природопользование
|
| 610 |
1 |
|
|a платежи
|
| 610 |
1 |
|
|a финансирование
|
| 610 |
1 |
|
|a экономическое стимулирование
|
| 610 |
1 |
|
|a учебные пособия
|
| 686 |
|
|
|a У9(2)28я73
|v LBC/SL-A
|2 rubbk
|
| 700 |
|
1 |
|a Трифонова
|b Т. А.
|g Татьяна Анатольевна
|
| 701 |
|
1 |
|a Селиванова
|b Н. В.
|g Нина Васильевна
|
| 701 |
|
1 |
|a Ильина
|b М. Е.
|g Марина Евгеньевна
|
| 801 |
|
1 |
|a RU
|b 63413507
|c 20040603
|g PSBO
|
| 801 |
|
2 |
|a RU
|b 63413507
|c 20230626
|g PSBO
|
| 900 |
|
|
|a Экологический менеджмент
|
| 900 |
|
|
|a Экологическое инспектирование и аудит
|
| 900 |
|
|
|a Управление охраной окружающей среды
|
| 942 |
|
|
|c BK
|
| 951 |
|
|
|a 511100
|b 013100
|